000 00542nam a2200193Ia 4500
003 GCL
008 140319s9999 xx 000 0 ara d
040 _aGCL /
_cGCL
082 0 4 _a142
_bم م
100 1 _aمحمود سيد احمد
245 1 0 _aمفهوم الغائية عند كانط /
_cمحمود سيد احمد
300 _a235 ص
490 _a
650 0 4 _aالفلسفة
650 0 4 _aالفلسفة الغربية
650 0 4 _aالفلسفة الفردية
650 0 4 _aالغائية (فلسفة)
942 _2ddc
_cBK
999 _c39481
_d39481